| 000 | 00841nam a22002537i 4500 | ||
|---|---|---|---|
| 999 |
_c27082 _d27054 |
||
| 003 | OSt | ||
| 005 | 20190204145623.0 | ||
| 008 | 190204s2010 oru frb 001 0 eng d | ||
| 020 | _a9781841136189 | ||
| 040 |
_aEG-ScBUE _beng _cEG-ScBUE |
||
| 082 | 0 | 4 |
_222 _a341.096 _bAFR |
| 245 | 0 | 0 |
_aAfrica : _bmapping new boundaries in international law / _cedited by Jeremy I Levitt. |
| 264 | 1 |
_aPortland : _bHart Publishing, _c2010. |
|
| 300 |
_axiv, 339 pages ; _c26 cm. |
||
| 336 |
_2rdacontent _atext |
||
| 337 |
_2rdamedia _aunmediated |
||
| 338 |
_2rdacarrier _avolume |
||
| 490 | 1 |
_aStudies in International Law; _vv. 16. |
|
| 500 | _aIncludes bibliographical references and index. | ||
| 650 | 7 |
_2BUEsh _aInternational law _zAfrica |
|
| 700 | 1 |
_aLevitt, Jeremy I, _eeditor. |
|
| 830 | 0 | _aStudies in International Law ; v. 16. | |
| 942 |
_2ddc _cBB |
||